000 00669nam a2200217 a 4500
003 MX-MxUPN
005 20240813093646.0
008 991125s1929 mx a gr 000 0 spa d
035 _aUPN01000001443
040 _aMX-MxUPN
_bspa
_cMX-MxUPN
041 _aspa
050 4 _aRC565
_bO8.2
100 1 _aOsuna, Andrés,
_d1872-1957
_928581
245 1 3 _aEl alcoholismo :
_bmanual de enseñanza antialcohólica
260 _aMéxico, D.F. :
_bSociedad de Edición y Librería Franco Americana,
_c1929.
300 _a310 páginas :
_bilustraciones
650 7 _aAlcoholismo
_xTratamiento
_92126
902 _bMaríaRobles/130824
905 _aLibro
942 _2lcc
_cLIBRO
_n0
999 _c1443
_d1443